Un festín para papgeno / Francesco Attardi Anselmo (Registro nro. 20175)

Detalles MARC
000 -LEADER
fixed length control field 00697nam a2200253Ia 4500
001 - CONTROL NUMBER
control field 21521
003 - CONTROL NUMBER IDENTIFIER
control field DO-CoUTE
005 - DATE AND TIME OF LATEST TRANSACTION
control field 20260204212534.0
008 - FIXED-LENGTH DATA ELEMENTS--GENERAL INFORMATION
fixed length control field 220104s9999 dr 000 0 spa d
020 ## - INTERNATIONAL STANDARD BOOK NUMBER
International Standard Book Number 84-323-1023-9
040 ## - CATALOGING SOURCE
Original cataloging agency DO-CoUTE
Language of cataloging spa
Transcribing agency DO-CoUTE
041 0# - LANGUAGE CODE
Language code of text/sound track or separate title spa
082 ## - DEWEY DECIMAL CLASSIFICATION NUMBER
Classification number 641.5 AT883f
100 1# - MAIN ENTRY--PERSONAL NAME
Personal name Attardi Anselmo, Francesco
245 10 - TITLE STATEMENT
Title Un festín para papgeno / Francesco Attardi Anselmo
260 ## - PUBLICATION, DISTRIBUTION, ETC.
Place of publication, distribution, etc. México : Siglo XXI y Editores, S. A.
300 ## - PHYSICAL DESCRIPTION
Extent 131 páginas
650 #4 - SUBJECT ADDED ENTRY--TOPICAL TERM
Topical term or geographic name entry element Opera gastronómica
650 #4 - SUBJECT ADDED ENTRY--TOPICAL TERM
Topical term or geographic name entry element Recetas de cocina
700 1# - ADDED ENTRY--PERSONAL NAME
Personal name De Luigi, Elisa
942 ## - ADDED ENTRY ELEMENTS (KOHA)
Source of classification or shelving scheme Dewey Decimal Classification
Koha item type Libros
Existencias
Withdrawn status Lost status Source of classification or shelving scheme Damaged status Not for loan Collection code Home library Current library Date acquired Inventory number Full call number Barcode Date last seen Copy number Price effective from Koha item type Total Checkouts
    Dewey Decimal Classification Descartado para donación   Colección General Biblioteca UTECO Biblioteca UTECO 01/02/2021 021264 641.5 AT883f 021264 03/30/2022 Ej.1 01/03/2021 Libros  
    Dewey Decimal Classification     Colección General Biblioteca UTECO Biblioteca UTECO 01/02/2021 021265 641.5 AT883f 021265 03/30/2022 Ej.2 01/03/2021 Libros  
    Dewey Decimal Classification     Colección General Biblioteca UTECO Biblioteca UTECO 01/02/2021 021266 641.5 AT883f 021266 03/30/2022 Ej.3 01/03/2021 Libros  
© 2021 Derechos Reservados UTECO - Teléfono: +1 809-585-2291 - Correo electrónico: biblioteca@uteco.edu.do​  
Código postal 43000 ​​
Dirección: Avenida Universitaria No. 100, 
Cotuí, Provincia Sánchez Ramírez, República Dominicana - RNC: 404-00059-6